00346nam a22001217a 4500100002900000245002400029250000900053260001800062300000700080942001200087999001700099952010800116 aStevenSou, Robert Louis  aDr. Jeky & Mr. Hyde a2014 bHeritage Pub. a32 2ddccBK c11488d11488 00102ddc4070aMIETPSMbMIETPSMd2014-10-07eFlipcartg25.00l0pM02228r2024-09-25w2024-09-25yBKk